[Event "Troll Masters"]
[Site "Gausdal"]
[Date "2000.01.12"]
[Round "5"]
[White "Fant, Goran"]
[Black "Bae, Torstein"]
[Result "0-1"]
[WhiteElo "2066"]
[BlackElo "2218"]
[PlyCount "80"]
[EventDate "2000.01.10"]
[Source "ChessBase"]
[SourceDate "2000.03.10"]

1. d4 Nf6 2. c4 g6 3. Nc3 d5 4. Nf3 Bg7 5. Qb3 dxc4 6. Qxc4 O-O 7. e4 Nc6 8. Bf4 Nh5 9. Be3 Bg4 10. d5 Na5 11. Qe2 c6 12. h3 Bxf3 13. Qxf3 cxd5 14. exd5 Qc7 15. Rc1 Nc4 16. Bxc4 Qxc4 17. g4 Nf6 18. b3 Qa6 19. Bc5 Rac8 20. b4 Nd7 21. Ne2 Ne5 22. Qb3 Nd3+ 23. Kd2 Bh6+ 24. f4 Nxf4 25. Nxf4 Bxf4+ 26. Be3 Bxe3+ 27. Kxe3 Qf6 28. Ke2 Qg5 29. Rc5 b6 30. Rc6 Rxc6 31. dxc6 Qb5+ 32. Kf2 Qxc6 33. Rd1 Rc8 34. Rd2 Qe4 35. Qb2 e5 36. a3 Rc6 37. b5 Rf6+ 38. Kg1 Rf3 39. Re2 Qf4 40. Qxe5 Rf1+ 0-1

[Event "Manchester, NH"]
[Site "?"]
[Date "1999.08.01"]
[Round "5"]
[White "Cotreau Kevin"]
[Black "Lerner David"]
[Result "1/2-1/2"]
[WhiteElo "2233"]
[BlackElo "2042"]
[PlyCount "21"]
[EventDate "1999.??.??"]
[Source "www.chesslib.no"]
[SourceDate "2004.05.04"]

1. d4 Nf6 2. c4 g6 3. Nc3 d5 4. Nf3 Bg7 5. Qb3 dxc4 6. Qxc4 O-O 7. e4 Nc6 8. d5 Na5 9. Qa4 c6 10. Bd2 b5 11. Nxb5 1/2-1/2

[Event "Politiken Cup 24th"]
[Site "Copenhagen"]
[Date "2002.07.23"]
[Round "8"]
[White "Henrichsen, Jens"]
[Black "Roeder, Peter Ulrik"]
[Result "0-1"]
[WhiteElo "2067"]
[BlackElo "2174"]
[PlyCount "80"]
[EventDate "2002.07.15"]
[Source "ChessBase"]
[SourceDate "2002.09.11"]

1. d4 Nf6 2. c4 g6 3. Nc3 d5 4. Nf3 Bg7 5. Qb3 dxc4 6. Qxc4 O-O 7. e4 Nc6 8. h3 Nd7 9. Be3 Nb6 10. Qc5 a5 11. Rd1 Nb4 12. Rd2 Nd7 13. Qc4 c6 14. Qb3 b5 15. d5 Bb7 16. dxc6 Bxc6 17. a3 Na6 18. Nd5 e6 19. Nb6 Rb8 20. Nxd7 Bxd7 21. Qd1 Rb7 22. Bxb5 Rxb5 23. Rxd7 Qc8 24. e5 Rxb2 25. O-O Nc5 26. Rd2 Rxd2 27. Qxd2 Nb3 28. Qd3 a4 29. Rd1 Qc6 30. Qd6 Qe4 31. Qd3 Qxd3 32. Rxd3 Ra8 33. Rd7 h6 34. Ba7 Bf8 35. Be3 Bxa3 36. Bxh6 Bb2 37. Ng5 Bxe5 38. Nxf7 Bf6 39. Nd6 a3 40. Ne4 Bb2 0-1

[Event "EU-ch U16"]
[Site "Mureck"]
[Date "1998.??.??"]
[Round "2"]
[White "Streikus, Simonas"]
[Black "Novak, Gorazd"]
[Result "1-0"]
[WhiteElo "2205"]
[BlackElo "2020"]
[PlyCount "51"]
[EventDate "1998.07.08"]
[Source "ChessBase"]
[SourceDate "1998.09.09"]

1. d4 Nf6 2. c4 g6 3. Nc3 d5 4. Nf3 Bg7 5. Qb3 dxc4 6. Qxc4 O-O 7. e4 Nc6 8. Be2 Nd7 9. Be3 Nb6 10. Qc5 Bg4 11. d5 Bxf3 12. gxf3 Nd7 13. Qc4 Na5 14. Qb4 c5 15. dxc6 bxc6 16. Rd1 Rb8 17. Qa3 Qc7 18. Rxd7 Qxd7 19. Qxa5 Rxb2 20. O-O Bxc3 21. Qxc3 Rxe2 22. Bh6 e5 23. Qxe5 f6 24. Qc5 Rf7 25. Rb1 Qd8 26. Qc4 1-0

[Event "Tch (Men) 2005/2006 ENG"]
[Site "?"]
[Date "2006.01.14"]
[Round "5.7"]
[White "Cutmore David A"]
[Black "Wilson Alexandra"]
[Result "0-1"]
[WhiteElo "2093"]
[BlackElo "2101"]
[PlyCount "58"]
[EventDate "2006.??.??"]
[Source "www.chesslib.no"]
[SourceDate "2004.05.04"]

1. d4 Nf6 2. c4 g6 3. Nc3 d5 4. Nf3 Bg7 5. Qb3 dxc4 6. Qxc4 O-O 7. e4 Nc6 8. h3 Na5 9. Qa4 c5 10. d5 a6 11. e5 b5 12. Qd1 Ne8 13. Be3 Nb7 14. Be2 Nc7 15. d6 exd6 16. exd6 Ne6 17. O-O Nxd6 18. Bd3 Bb7 19. Nd2 Qc7 20. Rc1 Rad8 21. b4 c4 22. Bb1 Qc6 23. f3 f5 24. Qe1 Nf7 25. Qf2 Ne5 26. Rfe1 Nd3 27. Bxd3 Rxd3 28. Ne2 f4 29. Nxc4 bxc4 0-1

[Event "Corr"]
[Site "?"]
[Date "2003.02.04"]
[Round "?"]
[White "Francisco Vincent Paul"]
[Black "Lundberg Bjoern"]
[Result "1-0"]
[WhiteElo "2033"]
[BlackElo "2150"]
[PlyCount "55"]
[EventDate "2003.??.??"]
[Source "www.chesslib.no"]
[SourceDate "2004.05.04"]

1. d4 Nf6 2. c4 g6 3. Nc3 d5 4. Nf3 Bg7 5. Qb3 dxc4 6. Qxc4 O-O 7. e4 Nc6 8. Be2 Nd7 9. Be3 Nb6 10. Qc5 f5 11. d5 f4 12. dxc6 fxe3 13. Qxe3 Qd6 14. cxb7 Bxb7 15. Rc1 Qb4 16. a3 Qxb2 17. Nd1 Qf6 18. Rxc7 Rab8 19. Ng5 e6 20. Bg4 Bc8 21. Qg3 e5 22. Qb3+ Kh8 23. Nf7+ Kg8 24. Bxc8 Rbxc8 25. Nxe5+ Kh8 26. Nf7+ Kg8 27. Nd6+ Kh8 28. Nxc8 1-0

[Event "Uebach op g/45"]
[Site "?"]
[Date "1996.??.??"]
[Round "7"]
[White "Fleischer Uwe"]
[Black "Gurevich Mikhail"]
[Result "1/2-1/2"]
[WhiteElo "2050"]
[BlackElo "2125"]
[PlyCount "41"]
[EventDate "1996.??.??"]
[Source "www.chesslib.no"]
[SourceDate "2004.05.04"]

1. d4 Nf6 2. c4 g6 3. Nc3 d5 4. Nf3 Bg7 5. Qb3 dxc4 6. Qxc4 O-O 7. e4 Nc6 8. Be3 Ng4 9. Be2 Nxe3 10. fxe3 e5 11. O-O exd4 12. exd4 Nxd4 13. Rad1 Nxe2+ 14. Qxe2 Qf6 15. Nd5 Qxb2 16. Qxb2 Bxb2 17. Rb1 Ba3 18. Nxc7 Rb8 19. Na6 Ra8 20. Nc7 Rb8 21. Na6 1/2-1/2

[Event "Ch Mineiro"]
[Site "Sao Sebastiao do Paraiso (Bra"]
[Date "2008.01.08"]
[Round "9"]
[White "Freitas Julio"]
[Black "Viana Julio Lapertosa"]
[Result "1/2-1/2"]
[WhiteElo "1991"]
[BlackElo "2104"]
[PlyCount "57"]
[EventDate "2008.??.??"]
[Source "www.chesslib.no"]
[SourceDate "2004.05.04"]

1. d4 Nf6 2. c4 g6 3. Nc3 d5 4. Nf3 Bg7 5. Qb3 dxc4 6. Qxc4 O-O 7. e4 Nc6 8. e5 Nd7 9. Be3 Nb6 10. Qc5 Be6 11. Ng5 Bd5 12. f4 e6 13. h4 f6 14. Nge4 f5 15. Ng5 h6 16. Nf3 h5 17. Kf2 a6 18. Ng5 Re8 19. a4 Bf8 20. Nxd5 Bxc5 21. Nf6+ Kg7 22. Nxe8+ Qxe8 23. dxc5 Nd5 24. Bc4 Rd8 25. Bd2 Kf8 26. Rhd1 Ke7 27. b4 Nd4 28. b5 axb5 29. axb5 1/2-1/2